FIFA World Cup Host Cities - Statistics

General Stats
  • This quiz has been taken 60,678 times
    7,221 since last reset
  • The average score is 29 of 43
Answer Stats
Country # City % Correct
Germany 9 Berlin
94%
France 20 Paris / Saint-Denis
94%
Brazil 15 Rio de Janeiro
93%
United States 15 New York
92%
England 10 London
91%
United States 16 Los Angeles
91%
Mexico 31 Mexico City
91%
Germany 11 Munich
91%
Italy 9 Rome
90%
Italy 9 Milan
88%
Brazil 12 São Paulo
88%
Russia 12 Moscow
87%
France 9 Marseille
84%
Argentina 12 Buenos Aires
83%
Germany 8 Hamburg
82%
Germany 10 Frankfurt
80%
South Africa 15 Johannesburg
78%
South Africa 8 Cape Town
77%
Mexico 21 Guadalajara
77%
Spain 8 Barcelona
76%
Qatar 15 Doha
75%
United States 15 Dallas
74%
United States 12 San Francisco
74%
Uruguay 18 Montevideo
73%
United States 13 Boston
70%
Germany 10 Dortmund
65%
Mexico 12 Monterrey
65%
Germany 10 Stuttgart
64%
Sweden 8 Stockholm
63%
Chile 10 Santiago
62%
United States 8 Atlanta
61%
France 8 Bordeaux
59%
Brazil 9 Belo Horizonte
54%
Germany 10 Gelsenkirchen
46%
Germany 9 Hanover
43%
Argentina 8 Cordoba
40%
South Africa 8 Gqeberha
34%
Mexico 8 Puebla
34%
Chile 8 Valparaíso
27%
Qatar 10 Lusail
24%
Mexico 11 León
23%
Qatar 20 Al Rayyan
12%
Qatar 12 Al Khor
10%
No matching quizzes found
Score Distribution
Percent of People with Each Score
Percentile by Number Answered
Your Score History
You have not taken this quiz since the last reset